Reasoning about rational agents
Αποθηκεύτηκε σε:
| Κύριος συγγραφέας: | |
|---|---|
| Μορφή: | Βιβλίο |
| Γλώσσα: | English |
| Δημοσίευση: |
Cambridge, Massachusetts :
MIT Press,
c2000.
|
| Σειρά: | Intelligent robotics and autonomous agents
|
| Θέματα: | |
| Ετικέτες: |
Προσθήκη ετικέτας
Δεν υπάρχουν, Καταχωρήστε ετικέτα πρώτοι!
|
MARC
| LEADER | 00000cam a2200000 i 4500 | ||
|---|---|---|---|
| 001 | 1/19393 | ||
| 008 | 010424s2000 mau| ||| |||| ||eng|| | ||
| 020 | |a 0262232138 | ||
| 035 | |l 10066838 | ||
| 040 | |a GR-MyUA |b gre |e AACR2 | ||
| 041 | 0 | |a eng | |
| 082 | 0 | |a 006.3 | |
| 100 | 1 | |a Wooldridge, Michael J., |d 1966- | |
| 245 | 1 | 0 | |a Reasoning about rational agents / |c Michael Wooldridge. |
| 260 | |a Cambridge, Massachusetts : |b MIT Press, |c c2000. | ||
| 300 | |a xi, 227 σ. ; |c 24 εκ. | ||
| 490 | 1 | |a (Intelligent robotcis and autonomous agents) | |
| 504 | |a Βιβλιογραφία: σ. [205]-222. Ευρετήριο. | ||
| 650 | 0 | 0 | |a Intelligent agents (Computer software) |
| 830 | 0 | |a Intelligent robotics and autonomous agents | |
| 852 | |a INST |b SAMOS |e 20010424 |h 006.3 WOO |p 005300020992 |q 005300020992 |t BK |y 0 | ||
| 852 | |a INST |b SAMOS |e 20010424 |h 006.3 WOO |p 005300020993 |q 005300020993 |t BK |y 0 | ||
| 852 | |a INST |b SAMOS |e 20010424 |h 006.3 WOO |p 005300020994 |q 005300020994 |t BK |y 0 | ||
| 852 | |a INST |b SAMOS |e 20010424 |h 006.3 WOO |p 005300020995 |q 005300020995 |t BK |y 0 | ||
| 852 | |a INST |b SAMOS |e 20010424 |h 006.3 WOO |p 005300020996 |q 005300020996 |t BK |y 0 | ||
| 852 | |a INST |b SAMOS |e 20010424 |h 006.3 WOO |p 005300020997 |q 005300020997 |t BK |y 0 | ||
| 852 | |a INST |b SYROS |e 20011108 |h 006.3 WOO |p 005500000736 |q 005500000736 |t BK |y 0 | ||
| 852 | |a INST |b SYROS |e 20010918 |h 006.3 WOO |p 005500001185 |q 005500001185 |t BK |y 0 | ||
| 901 | |a BIBL5-2001-3 | ||
| 901 | |a BIBL3-2001-1 | ||
| 909 | |a Ε |b 088175 | ||
| 909 | |a Ε |b 088744 | ||
| 909 | |a Σ |b 086448 | ||
| 909 | |a Σ |b 086447 | ||
| 909 | |a Σ |b 086452 | ||
| 909 | |a Σ |b 086451 | ||
| 909 | |a Σ |b 086450 | ||
| 909 | |a Σ |b 086449 | ||
| 922 | |a 5ΕΛΗ |b 200108 |c ΕΠΕΑΕΚ2/183 |d ΠΑΠΑΣΩΤΗΡΙΟΥ | ||
| 922 | |a 3ΕΛΗ |b 200008 |c ΤΠΕΣ/ΠΟΛ2 |d LEADER | ||
| 970 | |a ΜΑΛΑΓΑΡΗ |b ΦΩΤΕΙΝΗ |z 2001/04/24 | ||